00946nam a2200229 a 450000100060000000300090000600800410001502000150005604000280007108200180009910000250011724500220014225000100016426000230017430000100019750503310020765000480053865000200058665000300060665000450063665000350068122739CO-ViMGA141112s2004 ck r 000 u spa d a9587110420 aCO-ViMGAbspacCO-ViMGA04a323.422 C151d1 aCamargo, Pedro Pablo10aEl debido proceso a4 ed. aColombia : bLeyer a372p. aOrogen - desarrollo y estatuto del debido proceso como garantia judicial universal, La proteccion internacional de las garantias judiciales, El debido proceso en colombia, Irretroactividad y favorabilidad de la ley, La justica especializada y el debido proceso, Exclusion de pruebas obtenidas en violacion del debido proceso14aADMINISTRACION DE JUSTICIA PENAL - COLOMBIA14aDEBIDO PROCESO 14aDERECHO PENAL - COLOMBIA 14aGARANTIAS PROCESALES - América LATINA 14aGARANTIAS PROCESALES - EUROPA